000
00253nam a2200097Ia 4500
001
929480
005
20250826191655.0
008
250824s9999 xx 000 0 und d
245
0
_a
İNSAN İNSANA
_c
DOĞAN CÜCELOĞLU
260
_b
REMZİ KİTABEVİ YAYINLARI
999
_c
929480
_d
929480